Signalling in a dynamic labour market.

Vzťah medzi výberom vzdelania robotníkom a výškou jeho mzdy. Základné zložky rovnováhy. Význam konkurencie firiem pri možnostiach vzdelania. Vplyv vzdelanosti na produktivitu. Platby za vzdelanie. Obmedziteľnosť výberu vzdelania.

Enregistré dans:
Détails bibliographiques
Auteur principal: Noldeke, G.
Autres auteurs: Damme, Eric van
Format: Chapitre de livre
Langue:anglais
Sujets:
Tags: Ajouter un tag
Pas de tags, Soyez le premier à ajouter un tag!

MARC

LEADER 00000naa a2200000 4500
001 r001133
005 20220909074020.2
041 0 |a eng 
044 |a GB 
245 1 0 |a Signalling in a dynamic labour market.  |c G. Noldeke, Eric van Damme 
520 |a Vzťah medzi výberom vzdelania robotníkom a výškou jeho mzdy. Základné zložky rovnováhy. Význam konkurencie firiem pri možnostiach vzdelania. Vplyv vzdelanosti na produktivitu. Platby za vzdelanie. Obmedziteľnosť výberu vzdelania. 
610 2 0 |a trh práce 
610 2 0 |a vzdelanie 
610 2 0 |a robotníci 
610 2 0 |a mzdy 
610 2 0 |a konkurencia 
610 2 0 |a firmy 
610 2 0 |a produktivita práce 
100 1 |a Noldeke, G. 
700 1 |a Damme, Eric van